01340nam a22003497a 4500003000500000005001700005008004100022010001000063011001000073035001000083040000900093082002000102110011100122245006900233260003000302300001100332590004100343590004100384590004100425590004100466590004100507590004200548650003400590700005600624700003500680700004500715901000700760942001000767949005500777999001700832952014100849CHAP20220329135300.0971013s1981 br r 00010 por d a33737 a34709 a38825 cCHAP04a633.68bE5 19812 aEmpresa Brasileira de Pesquisa Agropecuaria. Centro Nacional de Pesquisa de Mandioca e Fruticultura9366051 aBibliografía brasileira de mandioca (Manihot esculenta Crantz) aBrasilia :b(s.e.),c1981 a266 p. aBATCH-UPDb10c20130110lUCH01h0025 aBATCH-UPDb10c20130110lUCH01h2145 aBATCH-UPDb10c20130409lUCH01h2006 aBATCH-UPDb10c20130410lUCH01h1453 aBATCH-UPDb10c20130914lUCH01h1559 aCONVERSIONb10c20130109lUCH01h131914aYucaxBibliografía.91232760 aFernándes, Herbene de Maria Valencia Rosa.9401030 aSouza Maria Helena de.91089990 aSouza, Maria de Paixao Neres de.9109005 aBK cLIBRO a633.68 E5 1981bBCcCd33724000654760eCi38825si c33737d33737 00102ddc4051708CaBCbBCcPA_CONSULTAd2012-12-17fLIBROl0o633.68 E5 1981p33724000654760r2019-12-31 00:00:00w2012-12-17yLIBRO